Fractures in children / (Record no. 116934)

MARC details
000 -LEADER
fixed length control field 01058cam a2200301 a 4500
008 - FIXED-LENGTH DATA ELEMENTS--GENERAL INFORMATION
fixed length control field
020 ## - INTERNATIONAL STANDARD BOOK NUMBER
International Standard Book Number 0397511523 (hbk.)
049 ## - LOCAL HOLDINGS (OCLC)
Holding library MAIN
090 0# - LOCALLY ASSIGNED LC-TYPE CALL NUMBER (OCLC); LOCAL CALL NUMBER (RLIN)
Classification number (OCLC) (R) ; Classification number, CALL (RLIN) (NR) RD101
Local cutter number (OCLC) ; Book number/undivided call number, CALL (RLIN) FRA
003 - CONTROL NUMBER IDENTIFIER
control field
005 - DATE AND TIME OF LATEST TRANSACTION
control field 20230120204105.0
040 ## - CATALOGING SOURCE
Transcribing agency NUST
245 00 - TITLE STATEMENT
Title Fractures in children /
Statement of responsibility, etc. edited by Charles A. Rockwood, Jr. Kaye Wilkins and Richard E. Wilkins.
250 ## - EDITION STATEMENT
Edition statement 3rd ed.
260 ## - PUBLICATION, DISTRIBUTION, ETC.
Place of publication, distribution, etc. Philadelphia :
Name of publisher, distributor, etc. Lippincott,
Date of publication, distribution, etc. c1984.
300 ## - PHYSICAL DESCRIPTION
Extent xxii, 1500 p. :
Other physical details ill. ;
Dimensions 26cm.
504 ## - BIBLIOGRAPHY, ETC. NOTE
Bibliography, etc. note Includes bibliographical references.
500 ## - GENERAL NOTE
General note Volumes 1 and 2 published separately as :Fractures in adults edited by Charles A.Rockwood, David P. Green and Robert W. Bucholz.
500 ## - GENERAL NOTE
General note Includes index.
650 #0 - SUBJECT ADDED ENTRY--TOPICAL TERM
Topical term or geographic name entry element Fractures in children.
650 #2 - SUBJECT ADDED ENTRY--TOPICAL TERM
Topical term or geographic name entry element Dislocations
General subdivision In infancy and childhood.
650 #2 - SUBJECT ADDED ENTRY--TOPICAL TERM
Topical term or geographic name entry element Fractures
General subdivision In infancy and childhood.
700 1# - ADDED ENTRY--PERSONAL NAME
Personal name Rockwood, Charles A.
700 1# - ADDED ENTRY--PERSONAL NAME
Personal name Wilkins, Kaye E.
700 1# - ADDED ENTRY--PERSONAL NAME
Personal name King, Richard E.
907 ## - LOCAL DATA ELEMENT G, LDG (RLIN)
a .b10289549
b 29-01-14
c 13-01-11
942 ## - ADDED ENTRY ELEMENTS (KOHA)
Koha item type Ordinary Loan Books
Call number prefix RD101
Call number suffix FRA
Holdings
Date last seen Total Checkouts Full call number Barcode Cost, replacement price Price effective from Koha item type Lost status Source of classification or shelving scheme Damaged status Not for loan Collection Withdrawn status Home library Current library Shelving location Date acquired Cost, normal purchase price
01/20/2023   RD101 FRA 92004017353 80.00 01/20/2023 BOOKS   LCC     NFIC   Medical Medical GEN 01/20/2023 80.00